| 000 | 00783nam a22002177a 4500 | ||
|---|---|---|---|
| 999 |
_c9260 _d9260 |
||
| 003 | AR-CdUCM | ||
| 008 | 190327b ||||| |||| 00| 0 spa d | ||
| 040 |
_aMUNICIPALIDAD PROVINCIAL DEL CUSCO _cBIBLIOTECA MUNICIPAL DEL CUSCO |
||
| 082 |
_a869.44 / _bC48 |
||
| 100 |
_aCéspedes, Augusto _9477 |
||
| 245 | _aRelatos de la Guerra del Chaco / | ||
| 260 |
_aLima : _bPopulibros Peruanos, _c1970. |
||
| 300 |
_a177 páginas ; _c16 cm. |
||
| 500 | _aDonación familia Nieto | ||
| 505 | _aContenido: Terciana Muda -- El pozo -- La coronela -- Seis muertos en campaña -- El milagro -- Humo de petroleo. | ||
| 650 |
_aNovelas bolivianas _916640 |
||
| 650 |
_aNovelas históricas bolivianas _925348 |
||
| 650 |
_aNovelas latinoamericanas _910483 |
||
| 942 |
_2ddc _cLIBROS |
||
| 945 | _adavv | ||